Trouver la ville - Monde - Statistiques

Statistiques générales
  • Ce quiz a été pris 196 fois
  • Le résultat moyen est 7 sur 16
Statistiques - réponses
Description Ville % Correct
Avec plus de 8M de visiteurs, cette ville détient le musée d'art le plus visité au monde Paris
95%
Cette ville italienne est connue pour ses nombreux canaux. Venise
93%
Cette ville compte la zone urbaine la plus peuplée au monde, avec plus de 40M d'habitants Tokyo
70%
C'est de cette ville que viennent les Beatles Liverpool
63%
Cette ville canadienne compte 5 aéroports à l'intérieur des limites de sa ville, un record mondial Vancouver
54%
L'ancien nom de cette ville est "Bombay" Mumbai
50%
Ville de la Bible, dans laquelle une tour aurait été construite pour "atteindre le ciel" Babel
49%
Pablo Escobar était à la tête d'un cartel qui tient son nom de cette ville sud-américaine Medellin
49%
"La perle du Danube" Budapest
47%
Avec plus de 300 gratte-ciels de plus de 150m de haut, cette ville en a le plus grand nombre Hong-Kong
36%
Cette ville est celle qui compte le plus grand nombre de francophones (17M - zone urbaine incluse) Kinshasa
30%
Le plus grand stade du monde compte 150.000 places et se situe dans cette ville Pyongyang
28%
Le nom complet de cette capitale compte 163 caractères, mais on la connaît plus généralement avec 7 lettres Bangkok
13%
Cette ville était considérée comme "la Nouvelle Rome" Constantinople
10%
Avec plus de 43.000 habitants au km², cette ville est la plus densément peuplée au monde Manille
4%
Cette ville détient le record du plus grand nombre de bars, avec plus de 23.000 Séoul
2%
Aucun quiz correspondant
Distribution des résultats
% des personnes avec chaque résultat
Percentile par nombre de réponses
Votre historique - résultats
Vous n’avez pas pris ce quiz